Fundamentals of Structural Analysis (Record no. 17886)

MARC details
000 -LEADER
fixed length control field 00414nam a2200157Ia 4500
008 - FIXED-LENGTH DATA ELEMENTS--GENERAL INFORMATION
fixed length control field 221030s9999 xx 000 0 und d
020 ## - INTERNATIONAL STANDARD BOOK NUMBER
ISBN 8126531295
041 ## - LANGUAGE CODE
Language code of text/sound track or separate title
100 ## - MAIN ENTRY--AUTHOR NAME
Personal name H. H. West
245 #0 - TITLE STATEMENT
Title Fundamentals of Structural Analysis
Statement of responsibility, etc by H. H. West, L. F. Geschwindner
260 ## - PUBLICATION, DISTRIBUTION, ETC. (IMPRINT)
Name of publisher Willey Pub.
Place of publication New Delhi
Year of publication 2013
300 ## - PHYSICAL DESCRIPTION
Number of Pages 567
650 ## - SUBJECT ADDED ENTRY--TOPICAL TERM
Topical Term Civil
700 ## - ADDED ENTRY--PERSONAL NAME
Personal name L. F. Geschwindner
942 ## - ADDED ENTRY ELEMENTS (KOHA)
Koha item type Books
Holdings
Accession Number Cost, normal purchase price Bill Date Source of acquisition Price effective from Koha item type Withdrawn / writtenoff status Materials specified (bound volume or other part) Damaged status Not for loan Permanent Location Current Location Shelving location Date acquired Lost/ Missing status department
BE 15636 789.00 466 RKB 10/30/2022 Books   Print   Not For Loan MIET Library, Jammu MIET Library, Jammu BL-Academic Block B, FL-2, CUP-156, SH-6, R-6 08/20/2018   BE
BE 15637 789.00 466 RKB 10/30/2022 Books   Print     MIET Library, Jammu MIET Library, Jammu BL-Academic Block B, FL-2, CUP-147, SH-5, R-5 08/20/2018   BE